| 000 | 00663nam a2200229Ia 4500 | ||
|---|---|---|---|
| 005 | 20240315113601.0 | ||
| 008 | 140110s9999 xx 000 0 und d | ||
| 020 |
_a9788172734657 _cRs.525.00 |
||
| 040 | _aLoreto College | ||
| 041 | _aEnglish | ||
| 082 |
_a374 _bSIN |
||
| 100 | _aSinha,Tushar K. | ||
| 245 |
_aAlternative Education, _cTushar K. |
||
| 250 | _a(Strictly on the basis of prescribed syllabus with modern trends) | ||
| 260 |
_aDelhi _bAuthorspress _c2008 |
||
| 300 | _ax,215p | ||
| 504 | _aIncludes bibliographical references and index | ||
| 650 | _aAdult education | ||
| 651 | _aNon-formal education | ||
| 850 | _aLCLIB | ||
| 942 | _cBK | ||
| 999 |
_c37475 _d87954 |
||